Film di Tarantino per immagini - Statistics

Statistiche generali
  • Questo quiz è stato fatto 70 volte
  • Il punteggio medio è 7 su 11
Statistiche sulle risposte
con Immagini Risposta % Corretto
Pulp Fiction
100%
Django Unchained
85%
Bastardi senza gloria
83%
Kill Bill: Volume 1
80%
C'era una volta a... Hollywood
77%
Le iene
75%
The Hateful Eight
68%
Kill Bill: Volume 2
66%
Jackie Brown
48%
Grindhouse - A prova di morte
34%
Four Rooms
22%
Nessun quiz corrispondente trovato
Distribuzione punteggi
Percentuale di utenti per punteggio
Percentile per numero di risposta
I tuoi punteggi nel tempo
Non hai fatto questo quiz